| 000 | 00605nam a22001937a 4500 | ||
|---|---|---|---|
| 999 |
_c15955 _d15955 |
||
| 003 | AR-CdUCM | ||
| 008 | 190430b ||||| |||| 00| 0 spa d | ||
| 040 |
_aMUNICIPALIDAD PROVINCIAL DEL CUSCO _cBIBLIOTECA MUNICIPAL DEL CUSCO |
||
| 082 |
_a849.4 / _bA51 |
||
| 100 |
_aAmiel, Enrique Federico _935209 |
||
| 245 | _aDiario intimo / | ||
| 260 |
_aBuenos Aires : _bModernas luz, _c1933. |
||
| 300 |
_a320 páginas ; _c19 cm. |
||
| 505 | _aContenido : Diario intimo. | ||
| 650 |
_aDiario intimo _935210 |
||
| 700 |
_aEnriquez, Mario (Traducción) _935211 |
||
| 942 |
_2ddc _cLIBROS |
||
| 945 |
_arah _d30/04/2019 |
||